000
00328nam a22001457a 4500
003
SGT
020
_a
97815-43346-20-6
082
_a
612.015
_b
GIR
100
_a
GIRI, AMOL J.
245
_a
COCIES COURS IN BIOCHEMISTRY
260
_a
INDIA
_b
PEE VEE PUB.
_c
2020
300
_a
182
650
_a
BIOCHEMISTRY
942
_2
ddc
_c
BK
999
_c
32445
_d
32445